Frente a la vida: eutanasia, aborto, pena de muerte, toxicodependencia.

Enregistré dans:
Détails bibliographiques
Auteur principal: Louro, Manuel Alves (autor)
Format: Livre
Langue:espagnol
Publié: Bogotá, Colombia Instituto Misionero Hijas de San Pablo 2004
Collection:Colección Bioética
Sujets:
Tags: Ajouter un tag
Pas de tags, Soyez le premier à ajouter un tag!

MARC

LEADER 00000nam a2200000 a 4500
001 UCJ9414
003 CL-VaPUC
005 20240821121012.0
008 070316e20040000CK |||||||||||||||||spa|d
999 |c 324941  |d 324939 
020 |a 9586694887 
040 |c Pontificia Universidad Católica de Valparaíso 
082 0 4 |a 174.957 LOU 2004  |2 21 
100 |a Louro, Manuel Alves  |e autor  |9 519406 
245 1 0 |a Frente a la vida: eutanasia, aborto, pena de muerte, toxicodependencia. 
260 0 3 |a Bogotá, Colombia  |b Instituto Misionero Hijas de San Pablo  |c 2004 
300 |a 77 páginas. 
490 0 |a Colección Bioética 
583 |a last modification  |c 20070316 00:00:00  |k Rodrigo Vera 
650 0 |a Bioética  |9 256117 
650 0 |a Eutanasia  |9 255102 
650 0 |a Aborto  |9 256680 
650 0 |a Pena de muerte  |9 256612 
650 7 |a TOXICOMANIA  |2 CL-VaPUC  |9 307600 
942 |c BK  |2 ddc 
945 |d 20070316 00:00:00  |a cmena 
952 |0 0  |1 0  |2 ddc  |4 0  |6 174_957000000000000_LOU_2004  |7 0  |8 A  |9 405341  |a BIBTEO  |b BIBTEO  |d 2019-11-22  |i 4295366  |o 174.957 LOU 2004  |p 4295366  |r 2025-01-17  |t 1  |w 2019-11-22  |y BK  |k ICR